|
|
|
|
| LEADER |
00000nab a2200000 a 4500 |
| 001 |
vtls001021312 |
| 003 |
SK-MaSNL |
| 005 |
20260303042422.0 |
| 008 |
040720e20040401xo 0 slo |
| 035 |
|
|
|a SN7205
|
| 040 |
|
|
|a SNSK
|b slo
|c SNSK
|e AACR2
|
| 041 |
0 |
|
|a slo
|
| 044 |
|
|
|a xo
|c SK
|
| 080 |
|
|
|a 351.778.54
|2 1981
|
| 080 |
|
|
|a 69
|2 1981
|
| 100 |
0 |
|
|a (šim)
|4 aut
|9 838485
|
| 245 |
1 |
0 |
|a Krompašská osemposchodová bytovka ani v tomto roku stáť nebude, mesto uvažuje o dvoch menších
|
| 300 |
|
|
|b 2 foto
|
| 650 |
0 |
7 |
|a byty nájomné
|2 SNSK
|9 860410
|
| 650 |
0 |
7 |
|a výstavba
|2 SNSK
|9 29373
|
| 651 |
|
7 |
|a Krompachy (Slovensko)
|2 SNSK
|9 43389
|
| 651 |
|
7 |
|a SN,
|2 SNSK
|9 1021277
|
| 655 |
|
7 |
|a periodikum
|2 snkbucl
|9 29553
|
| 773 |
0 |
8 |
|t Spišský denník
|g Roč. 6, č.77, 1.4.2004, s. 1
|x 1335-759X
|
| 852 |
|
|
|a ZVYKNI
|b KIS3GCP
|
| 999 |
|
|
|c 1692021
|d 1693951
|